00954cam a22002297a 4500001000500000005001700005020001800022040002300040050001000063082000800073100001800081245007000099260006100169300004900230490002400279505000800303520031100311521002000622521002000642650002400662700003800686383820260331153646.0 a9781618103116 aDLCcDLCdDLCbeng00aH8121 a8231 aHord, Colleen10aLittle Miss Midge /cby Colleen Hord ; illustrated by Helen Poole aVero Beach, Florida : bRourke Educational Media ;c2013 a24 pages : bcolor illustrations ;c21 cm . 0 aLittle Birdie Books aJ  aMidge is having a hard time organizing her list of things to do. Her friends are coming over for ice cream but her dog keeps needing more bones. When the day is through and nothing on her list is done, the friends arrive but Midge has no ice cream so she decides to take them and her dog out for ice cream. a480 bLexile  aJ bRaz-Plus  aPoor dog vFiction 1 aPoole, Helend1979-eillustrator